[Event "Kvika Reykjavik Open 2022"]
[Site "Reykjavik, Iceland"]
[Date "2022.04.07"]
[Round "3.38"]
[White "Jaivardhan, Raj"]
[Black "Berdnyk, Mariia"]
[Result "0-1"]
[WhiteElo "2006"]
[BlackElo "2287"]
[PlyCount "100"]
[EventDate "2022.??.??"]

1. e4 {[%eval 33,0]} g6 {[%eval 71,0]} 2. d4 {[%eval 68,0]} Bg7 {[%eval 73,0]}
3. Nf3 {[%eval 61,0]} d6 {[%eval 68,0]} 4. Nc3 {[%eval 71,0]} a6 {[%eval 75,0]}
5. Bf4 {[%eval 59,0]} Nd7 {[%eval 88,0]} 6. Qd2 $6 {[%eval 27,0] Inaccuracy.
Bc4 was best.} (6. Bc4 h6 7. a4 e6 8. Qe2 Ne7 9. Rd1 O-O 10. O-O b6) 6... b5 {
[%eval 68,0]} 7. e5 {[%eval 68,0]} Bb7 {[%eval 54,0]} 8. Be2 $6 {[%eval 0,0]
Inaccuracy. O-O-O was best.} (8. O-O-O e6 9. exd6 cxd6 10. Bxd6 Ne7 11. Bd3 Nf6
12. Be5 O-O) 8... Nb6 $6 {[%eval 88,0] Inaccuracy. c5 was best.} (8... c5 9.
exd6 cxd4 10. Nxd4 e5 11. Bg5 Ngf6 12. Nb3 Bxg2 13. Rg1 Bc6 14. a3 O-O 15. h4)
9. exd6 $2 {[%eval 28,0] Mistake. O-O was best.} (9. O-O e6) 9... cxd6 {
[%eval 22,0]} 10. a3 $6 {[%eval 86,0] Inaccuracy. a4 was best.} (10. a4 b4 11.
Na2 a5 12. c3 Nf6 13. Bb5+ Kf8 14. cxb4 Nbd5 15. Be3 h5 16. O-O h4) 10... Rc8 {
[%eval 71,0]} 11. Rd1 $6 {[%eval -46,0] Inaccuracy. O-O was best.} (11. O-O Nc4
12. Bxc4 Rxc4 13. Qd3 Bxf3 14. Qxf3 Bxd4 15. Nd5 Bxb2 16. Rab1 Nf6 17. Ne3 Rxf4
) 11... Nc4 {[%eval -87,0]} 12. Bxc4 {[%eval -69,0]} Rxc4 {[%eval -69,0]} 13.
Be3 $6 {[%eval -3,0] Inaccuracy. O-O was best.} (13. O-O Bxf3 14. gxf3 Nf6 15.
Bg5 O-O 16. Rfe1 Qc7 17. Bxf6 Bxf6 18. Nd5 Qc6 19. Nxe7+ Bxe7) 13... Bxf3 {
[%eval -192,0]} 14. gxf3 {[%eval -189,0]} Qa8 {[%eval -25,0]} 15. Ke2 $6 {
[%eval -116,0] Inaccuracy. Qe2 was best.} (15. Qe2) 15... Qc8 {[%eval -179,0]}
16. h4 {[%eval -200,0]} h5 {[%eval -11,0]} 17. Qd3 {[%eval -169,0]} Nh6 {
[%eval -162,0]} 18. Bxh6 {[%eval -134,0]} Bxh6 {[%eval -195,0]} 19. Kf1 {
[%eval -182,0]} Bg7 {[%eval -167,0]} 20. Qe3 {[%eval -178,0]} Qb7 $6 {[%eval
-88,0] Inaccuracy. Kf8 was best.} (20... Kf8 21. Kg2) 21. Ne4 {[%eval 83,0]}
O-O {[%eval 85,0]} 22. c3 {[%eval -100,0]} a5 {[%eval 79,0]} 23. Rg1 {[%eval
-85,0]} Qd7 {[%eval -83,0]} 24. Rg3 {[%eval -68,0]} Ra8 {[%eval -73,0]} 25. Nd2
$6 {[%eval -200,0] Inaccuracy. Kg2 was best.} (25. Kg2 Rcc8) 25... Rcc8 {
[%eval -14,0]} 26. Re1 {[%eval -92,0]} Ra7 {[%eval -33,0]} 27. Ne4 {[%eval -33,
0]} b4 {[%eval -14,0]} 28. axb4 {[%eval -8,0]} axb4 {[%eval -18,0]} 29. Qd3 $6
{[%eval -115,0] Inaccuracy. Qg5 was best.} (29. Qg5 Kf8) 29... bxc3 {[%eval
-108,0]} 30. bxc3 {[%eval -134,0]} Ra3 {[%eval -166,0]} 31. Rc1 $6 {[%eval
-300,0] Inaccuracy. Kg2 was best.} (31. Kg2 Bh6 32. Qe2 Bf4 33. Rh3 Qf5 34. c4
Ra4 35. Ng3 Bxg3 36. Rxg3 e6 37. c5 dxc5) 31... d5 {[%eval -127,0]} 32. Nc5 {
[%eval -146,0]} Qd6 {[%eval -292,0]} 33. Qd2 {[%eval -289,0]} Kh7 {[%eval -193,
0]} 34. Qb2 $6 {[%eval -255,0] Inaccuracy. Re1 was best.} (34. Re1 Bh6) 34...
Rca8 {[%eval -247,0]} 35. Qb7 $6 {[%eval -454,0] Inaccuracy. Kg2 was best.} (
35. Kg2 Ra2) 35... R8a7 {[%eval -456,0]} 36. Qc8 {[%eval -574,0]} Qf4 {[%eval
-561,0]} 37. Nd3 {[%eval -872,0]} Qd2 {[%eval -857,0]} 38. f4 {[%eval -895,0]}
Ra1 {[%eval -807,0]} 39. Re1 {[%eval -997,0]} Rxe1+ {[%eval -977,0]} 40. Nxe1 {
[%eval -976,0]} Ra2 {[%eval -939,0]} 41. Nd3 $6 {[%eval -32745,0] Checkmate is
now unavoidable. Rf3 was best.} (41. Rf3 Qe2+ 42. Kg2 Qxe1 43. Qh3 Ra1 44. Kg3
Qe4 45. Kh2 Bh6 46. Qg3 Qb1 47. Qg2 e6) 41... Ra1+ {[%eval -32747,0]} 42. Kg2 {
[%eval -32747,0]} Qd1 {[%eval -32749,0]} 43. Qh3 {[%eval -32749,0]} Qf1+ {
[%eval -32751,0]} 44. Kf3 {[%eval -32751,0]} Qxd3+ {[%eval -32753,0]} 45. Kg2 {
[%eval -32753,0]} Qf1+ {[%eval -32755,0]} 46. Kf3 {[%eval -32755,0]} Qd1+ {
[%eval -32757,0]} 47. Kg2 {[%eval -32757,0]} Rc1 $6 {[%eval -7253,0] Lost
forced checkmate sequence. Bxd4 was best.} (47... Bxd4 48. Re3 Qg1+ 49. Kf3 Rf1
50. Ke2 Qxf2+ 51. Kd3 Rd1#) 48. Re3 {[%eval -32745,0]} e6 $6 {[%eval -933,0]
Lost forced checkmate sequence. Qg1+ was best.} (48... Qg1+ 49. Kf3 Rc2 50. Re2
Rxc3+ 51. Re3 Bxd4 52. Qg3 Qh1+ 53. Qg2 Qe1 54. Qxg6+ fxg6 55. f5) 49. Rg3 $6 {
[%eval -32763,0] Checkmate is now unavoidable. Kg3 was best.} (49. Kg3 Bf8)
49... Qf1+ {[%eval -32765,0]} 50. Kf3 {[%eval -32765,0]} Rxc3# 0-1

[Event "Kvika Reykjavik Open 2022"]
[Site "Reykjavik, Iceland"]
[Date "2022.04.07"]
[Round "3.39"]
[White "Burlacu, Bogdan"]
[Black "Moerman, Thomas"]
[Result "1-0"]
[WhiteElo "2286"]
[BlackElo "2022"]
[PlyCount "69"]
[EventDate "2022.??.??"]

1. e4 {[%eval 33,0]} e6 {[%eval 13,0]} 2. d4 {[%eval 24,0]} d5 {[%eval 25,0]}
3. Nd2 {[%eval 11,0]} c5 {[%eval 0,0]} 4. exd5 {[%eval 22,0]} Qxd5 {[%eval 9,0]
} 5. dxc5 {[%eval 5,0]} Bxc5 {[%eval 0,0]} 6. Ngf3 {[%eval 21,0]} Nf6 {[%eval
0,0]} 7. Bc4 {[%eval 5,0]} Qc6 {[%eval 0,0]} 8. Qe2 {[%eval 24,0]} O-O {
[%eval 42,0]} 9. O-O {[%eval 24,0]} Nbd7 {[%eval 3,0]} 10. Nb3 {[%eval 42,0]}
b6 {[%eval 54,0]} 11. Nxc5 {[%eval 87,0]} Qxc5 {[%eval 76,0]} 12. Bf4 $6 {
[%eval 7,0] Inaccuracy. b3 was best.} (12. b3) 12... Bb7 {[%eval 15,0]} 13.
Rfd1 {[%eval 8,0]} Qf5 {[%eval 29,0]} 14. Bg3 {[%eval 49,0]} Rac8 {[%eval 91,0]
} 15. c3 {[%eval 76,0]} e5 $6 {[%eval 103,0] Inaccuracy. Bxf3 was best.} (15...
Bxf3) 16. Nh4 {[%eval 145,0]} Qg5 {[%eval 121,0]} 17. Bb5 {[%eval 123,0]} Rcd8
$6 {[%eval 182,0] Inaccuracy. Bc6 was best.} (17... Bc6 18. Nf3 Bxb5 19. Qxb5
Qf5 20. Nd4 Qe4 21. Re1 Qa8 22. Nf5 Rc5 23. Qe2 g6 24. Nd6) 18. a4 {[%eval 137,
0]} e4 {[%eval 146,0]} 19. Qe3 {[%eval 144,0]} Qg4 $4 {[%eval 555,0] Blunder.
Qxe3 was best.} (19... Qxe3 20. fxe3) 20. h3 $6 {[%eval 385,0] Inaccuracy. Be2
was best.} (20. Be2 Qe6) 20... Qe6 $2 {[%eval 708,0] Mistake. Qh5 was best.} (
20... Qh5 21. Rd6) 21. Rd6 {[%eval 697,0]} Qb3 {[%eval 753,0]} 22. Rad1 $6 {
[%eval 531,0] Inaccuracy. Nf5 was best.} (22. Nf5 h6) 22... Bd5 {[%eval 542,0]}
23. Rd2 {[%eval 506,0]} a6 $6 {[%eval 769,0] Inaccuracy. Be6 was best.} (23...
Be6) 24. Be2 $4 {[%eval 335,0] Blunder. Nf5 was best.} (24. Nf5) 24... Be6 {
[%eval 319,0]} 25. Qd4 $6 {[%eval 243,0] Inaccuracy. R6d4 was best.} (25. R6d4)
25... Ra8 $2 {[%eval 423,0] Mistake. b5 was best.} (25... b5 26. axb5) 26. Bd1
$2 {[%eval 241,0] Mistake. Nf5 was best.} (26. Nf5 h5) 26... Qa2 {[%eval 199,0]
} 27. Bg4 {[%eval 245,0]} Nxg4 {[%eval 281,0]} 28. hxg4 {[%eval 297,0]} Nc5 {
[%eval 312,0]} 29. b4 {[%eval 303,0]} Nb3 {[%eval 291,0]} 30. Rxa2 {[%eval 307,
0]} Nxd4 {[%eval 318,0]} 31. Rb2 {[%eval 308,0]} Nb3 {[%eval 317,0]} 32. Nf5 {
[%eval 292,0]} Nc1 {[%eval 334,0]} 33. Rxb6 {[%eval 348,0]} Nd3 $6 {[%eval 471,
0] Inaccuracy. h5 was best.} (33... h5 34. Bd6 Nd3 35. Re2 Bxf5 36. Bxf8 Bxg4
37. f3 exf3 38. gxf3 Nf4 39. Rd2 Bxf3 40. Bd6) 34. Re2 {[%eval 461,0]} Bd5 $2 {
[%eval 913,0] Mistake. Bxf5 was best.} (34... Bxf5 35. gxf5 Rfe8 36. c4 g6 37.
f6 Rac8 38. c5 a5 39. c6 Nxb4 40. c7 Nd5 41. Rb7) 35. Ne7+ {[%eval 899,0]} 1-0

[Event "Kvika Reykjavik Open 2022"]
[Site "Reykjavik, Iceland"]
[Date "2022.04.07"]
[Round "3.40"]
[White "Mahitosh, Dey"]
[Black "Balzer, Lars"]
[Result "1/2-1/2"]
[WhiteElo "2233"]
[BlackElo "2015"]
[PlyCount "43"]
[EventDate "2022.??.??"]

1. d4 {[%eval 3,0]} Nf6 {[%eval 23,0]} 2. Nf3 {[%eval 12,0]} g6 {[%eval 21,0]}
3. Bf4 {[%eval 0,0]} Bg7 {[%eval 19,0]} 4. c3 {[%eval 2,0]} d6 {[%eval 25,0]}
5. Nbd2 {[%eval 4,0]} O-O {[%eval 21,0]} 6. h3 {[%eval 1,0]} b6 {[%eval 7,0]}
7. Qc2 {[%eval 0,0]} Bb7 {[%eval 19,0]} 8. e4 {[%eval 19,0]} Nbd7 {[%eval 29,0]
} 9. Be2 $6 {[%eval 33,0] Inaccuracy. Bd3 was best.} (9. Bd3 e5) 9... Qe8 $6 {
[%eval 66,0] Inaccuracy. e5 was best.} (9... e5 10. dxe5 dxe5 11. Be3 Qe7 12.
O-O Ne8 13. Nc4 Nc5 14. Nfd2 Kh8 15. Rad1 Rd8 16. b4) 10. O-O {[%eval 54,0]} e5
{[%eval 117,0]} 11. dxe5 $6 {[%eval 34,0] Inaccuracy. Bh2 was best.} (11. Bh2
Nh5 12. Rfe1 Qe7 13. a4 a5 14. Bb5 Nf4 15. Bxf4 exf4 16. Re2 Rae8 17. Rae1 c6)
11... dxe5 {[%eval 21,0]} 12. Be3 {[%eval 41,0]} Qe7 {[%eval 41,0]} 13. b4 {
[%eval 13,0]} Kh8 {[%eval 51,0]} 14. Rab1 $2 {[%eval 51,0] Mistake. a4 was
best.} (14. a4 Ne8 15. a5 Rb8 16. axb6 axb6 17. Ba6 Ba8 18. Rfd1 Nd6 19. c4 f5
20. c5 bxc5) 14... Nh5 {[%eval 8,0]} 15. Bd3 {[%eval 38,0]} Nf4 {[%eval 52,0]}
16. Bxf4 {[%eval 57,0]} exf4 {[%eval 46,0]} 17. c4 $2 {[%eval -93,0] Mistake.
Rfe1 was best.} (17. Rfe1 Rad8 18. Bc4 Ne5 19. Nxe5 Qxe5 20. Rbc1 Qxc3 21. Qxc3
Bxc3 22. Rxc3 Rxd2 23. Bb3 Rd7) 17... c5 {[%eval -38,0]} 18. a3 {[%eval -31,0]}
Rfd8 {[%eval -94,0]} 19. Rfe1 {[%eval -41,0]} Ne5 {[%eval -98,0]} 20. Nxe5 {
[%eval -41,0]} Qxe5 {[%eval -76,0]} 21. Rb3 {[%eval -96,0]} Rd7 {[%eval -49,0]}
22. Nf3 {[%eval -96,0]} 1/2-1/2

[Event "Kvika Reykjavik Open 2022"]
[Site "Reykjavik, Iceland"]
[Date "2022.04.07"]
[Round "3.41"]
[White "Rice, Chris B"]
[Black "Johansson, Carl Fredrik"]
[Result "1-0"]
[WhiteElo "1989"]
[BlackElo "2221"]
[PlyCount "89"]
[EventDate "2022.??.??"]

1. b3 {[%eval 0,0]} Nf6 {[%eval 13,0]} 2. Bb2 {[%eval 5,0]} g6 {[%eval 13,0]}
3. Bxf6 $6 {[%eval 41,0] Inaccuracy. c4 was best.} (3. c4 Bg7 4. g3 O-O 5. Nf3
b6 6. Bg2 Bb7 7. Nc3 e6) 3... exf6 {[%eval 18,0]} 4. c4 {[%eval 27,0]} Bg7 {
[%eval 0,0]} 5. Nc3 {[%eval 0,0]} f5 {[%eval 35,0]} 6. g3 {[%eval 19,0]} d6 {
[%eval 34,0]} 7. Bg2 {[%eval 28,0]} Nd7 {[%eval 35,0]} 8. e3 {[%eval 2,0]} c6 {
[%eval 37,0]} 9. Nge2 {[%eval 32,0]} Nf6 {[%eval 49,0]} 10. d3 {[%eval 33,0]}
Qe7 {[%eval 31,0]} 11. O-O {[%eval 41,0]} h5 {[%eval 19,0]} 12. h4 $2 {[%eval
-69,0] Mistake. b4 was best.} (12. b4) 12... Ng4 {[%eval -84,0]} 13. Qd2 $6 {
[%eval -200,0] Inaccuracy. d4 was best.} (13. d4 g5 14. hxg5 h4 15. Bf3 Qxg5
16. Bxg4 fxg4 17. Kg2 Qf6 18. Nf4 hxg3 19. Rh1 gxf2) 13... g5 {[%eval -42,0]}
14. hxg5 {[%eval -44,0]} Qxg5 {[%eval -47,0]} 15. Nf4 {[%eval -27,0]} h4 {
[%eval -55,0]} 16. f3 {[%eval -98,0]} Nf6 {[%eval -45,0]} 17. gxh4 {[%eval -62,
0]} Rxh4 {[%eval 91,0]} 18. Kf2 {[%eval -71,0]} Nh5 {[%eval -91,0]} 19. Nxh5 {
[%eval -96,0]} Qxh5 {[%eval -79,0]} 20. f4 {[%eval 89,0]} Rh2 {[%eval 86,0]}
21. Rac1 $6 {[%eval -12,0] Inaccuracy. d4 was best.} (21. d4) 21... Bd7 {
[%eval -66,0]} 22. Rh1 {[%eval -57,0]} Qh4+ {[%eval -55,0]} 23. Kg1 {[%eval
-97,0]} Rxh1+ {[%eval -59,0]} 24. Bxh1 {[%eval -42,0]} O-O-O {[%eval -99,0]}
25. Nd1 $2 {[%eval -155,0] Mistake. Qh2 was best.} (25. Qh2) 25... Bf6 {
[%eval -6,0]} 26. Bg2 {[%eval -191,0]} Rh8 $6 {[%eval -81,0] Inaccuracy. Rg8
was best.} (26... Rg8 27. Qf2 Qh8 28. Kf1 Bh4 29. Qe2 c5 30. b4 cxb4 31. c5 d5
32. Bxd5 Rg3 33. Qh2) 27. Rc2 $6 {[%eval -194,0] Inaccuracy. Qf2 was best.} (
27. Qf2) 27... Qh2+ $6 {[%eval 98,0] Inaccuracy. Rg8 was best.} (27... Rg8) 28.
Kf1 {[%eval -64,0]} Rg8 {[%eval -83,0]} 29. Qe2 {[%eval -57,0]} Kb8 {[%eval
-51,0]} 30. Qf3 {[%eval -44,0]} Rg3 {[%eval -75,0]} 31. Qf2 {[%eval -86,0]} Qh5
{[%eval -91,0]} 32. Rd2 {[%eval -96,0]} Bh4 {[%eval -37,0]} 33. Qe2 {[%eval -9,
0]} Qg6 {[%eval -200,0]} 34. Rc2 $6 {[%eval -105,0] Inaccuracy. b4 was best.} (
34. b4 d5) 34... c5 {[%eval -101,0]} 35. d4 $6 {[%eval -346,0] Inaccuracy. Nc3
was best.} (35. Nc3 Bc6 36. Nd5 a6 37. a3 Bxd5 38. cxd5 Qf6 39. Rc1 Qd8 40. Rb1
Qb6 41. Qh5 Qb5) 35... cxd4 {[%eval -312,0]} 36. exd4 {[%eval -357,0]} Qh6 {
[%eval -326,0]} 37. Qd2 {[%eval -321,0]} Rg4 {[%eval -312,0]} 38. Qb4 {[%eval
-493,0]} Qxf4+ $4 {[%eval 677,0] Blunder. b6 was best.} (38... b6 39. Nf2 Rxf4
40. Rd2 Bxf2 41. Rxf2 Rxf2+ 42. Kxf2 Qf4+ 43. Ke2 Qxd4 44. Qd2 Qe5+ 45. Kf2)
39. Rf2 {[%eval 606,0]} Bc6 {[%eval 957,0]} 40. Bxc6 {[%eval 961,0]} Rg1+ {
[%eval 905,0]} 41. Kxg1 {[%eval 965,0]} Qg4+ {[%eval 1107,0]} 42. Bg2 {[%eval
1104,0]} Qxd1+ {[%eval 1162,0]} 43. Kh2 {[%eval 1162,0]} Kc7 {[%eval 1343,0]}
44. Qxb7+ {[%eval 1309,0]} Kd8 {[%eval 1275,0]} 45. Bc6 {[%eval 32760,0]} 1-0

[Event "Kvika Reykjavik Open 2022"]
[Site "Reykjavik, Iceland"]
[Date "2022.04.07"]
[Round "3.42"]
[White "Villiers, Thomas"]
[Black "Manukonda, Arun"]
[Result "1/2-1/2"]
[WhiteElo "2219"]
[BlackElo "2014"]
[PlyCount "171"]
[EventDate "2022.??.??"]

1. Nf3 {[%eval 29,0]} d5 {[%eval 34,0]} 2. e3 {[%eval 4,0]} Nf6 {[%eval 5,0]}
3. c4 {[%eval 0,0]} c6 {[%eval 13,0]} 4. b3 {[%eval 12,0]} Bf5 {[%eval 5,0]} 5.
Bb2 {[%eval 0,0]} e6 {[%eval 13,0]} 6. Be2 {[%eval 7,0]} h6 {[%eval 0,0]} 7.
O-O {[%eval 13,0]} Nbd7 {[%eval 0,0]} 8. d4 {[%eval 2,0]} Bd6 {[%eval 1,0]} 9.
Nbd2 {[%eval 0,0]} O-O {[%eval 22,0]} 10. Ne5 {[%eval 28,0]} Ne4 {[%eval 27,0]}
11. Nxe4 {[%eval 32,0]} Bxe4 {[%eval 29,0]} 12. f3 {[%eval 15,0]} Bh7 {[%eval
21,0]} 13. Nxd7 {[%eval 2,0]} Qxd7 {[%eval 14,0]} 14. Bd3 {[%eval 34,0]} Bxd3 {
[%eval 46,0]} 15. Qxd3 {[%eval 45,0]} Qc7 {[%eval 3,0]} 16. h3 {[%eval 25,0]}
dxc4 {[%eval 33,0]} 17. Qxc4 {[%eval 27,0]} Qa5 {[%eval 31,0]} 18. Qd3 {
[%eval 43,0]} Ba3 {[%eval 0,0]} 19. Bc3 {[%eval 0,0]} Bb4 {[%eval 0,0]} 20.
Bxb4 {[%eval 0,0]} Qxb4 {[%eval 0,0]} 21. Rac1 {[%eval 0,0]} Rfd8 {[%eval 0,0]}
22. Rfd1 {[%eval 0,0]} Qa3 {[%eval 0,0]} 23. Rc4 {[%eval 6,0]} a5 {[%eval 1,0]}
24. Ra4 {[%eval 2,0]} Qe7 {[%eval 4,0]} 25. Qc3 {[%eval 0,0]} Qg5 {[%eval 8,0]}
26. Rc4 {[%eval 25,0]} Qb5 {[%eval 29,0]} 27. Rc1 {[%eval 2,0]} Rd5 {[%eval 21,
0]} 28. Qe1 {[%eval 0,0]} Rad8 {[%eval 0,0]} 29. Rc5 {[%eval 0,0]} Qd3 {
[%eval 0,0]} 30. R1c3 {[%eval 0,0]} Qg6 {[%eval 0,0]} 31. Rc1 {[%eval 15,0]}
Qd3 {[%eval 0,0]} 32. Qc3 {[%eval 31,0]} Qe2 {[%eval 2,0]} 33. Rc4 $4 {[%eval
-699,0] Blunder. Rxd5 was best.} (33. Rxd5 Rxd5 34. Rc2 Qb5 35. f4 g6 36. Rc1
h5 37. Rc2 Qb6 38. Qb2 Qd8 39. Qa3 g5) 33... Rg5 {[%eval -624,0]} 34. Qc2 {
[%eval -668,0]} Qxe3+ $2 {[%eval -201,0] Mistake. Rxg2+ was best.} (34... Rxg2+
) 35. Qf2 {[%eval -259,0]} Qxf2+ {[%eval -107,0]} 36. Kxf2 {[%eval -296,0]}
Rgd5 {[%eval -124,0]} 37. Ke3 {[%eval -195,0]} e5 {[%eval -121,0]} 38. dxe5 {
[%eval -108,0]} Rxe5+ {[%eval -114,0]} 39. Re4 {[%eval -106,0]} Rxe4+ $6 {
[%eval -189,0] Inaccuracy. Rdd5 was best.} (39... Rdd5 40. h4) 40. fxe4 {
[%eval -178,0]} Kf8 {[%eval -17,0]} 41. Rc5 {[%eval -23,0]} Ra8 {[%eval -6,0]}
42. Kd4 {[%eval -24,0]} Ke7 {[%eval -32,0]} 43. Rf5 $2 {[%eval -238,0] Mistake.
a4 was best.} (43. a4 Ra6 44. Re5+ Kd6 45. Re8 Rb6 46. Kc3 Rb4 47. e5+ Kd7 48.
Rh8 Ke7 49. Rh7 g5) 43... b6 {[%eval -227,0]} 44. Rf2 {[%eval -379,0]} Ke6 {
[%eval -388,0]} 45. Rc2 {[%eval -391,0]} Rc8 $6 {[%eval -264,0] Inaccuracy.
Rd8+ was best.} (45... Rd8+) 46. Rc1 $2 {[%eval -467,0] Mistake. Ke3 was best.}
(46. Ke3 Rc7) 46... Rd8+ {[%eval -309,0]} 47. Ke3 {[%eval -315,0]} c5 {[%eval
-317,0]} 48. a3 {[%eval -494,0]} Rd4 {[%eval -419,0]} 49. Rf1 {[%eval -331,0]}
f6 {[%eval -495,0]} 50. Rf2 {[%eval -699,0]} g6 {[%eval -654,0]} 51. Rc2 {
[%eval -669,0]} Ke5 {[%eval -632,0]} 52. Rc4 {[%eval -655,0]} Rxc4 {[%eval
-799,0]} 53. bxc4 {[%eval -800,0]} a4 {[%eval -781,0]} 54. g3 {[%eval -800,0]}
h5 {[%eval -608,0]} 55. h4 {[%eval -773,0]} Ke6 $6 {[%eval -429,0] Inaccuracy.
f5 was best.} (55... f5 56. exf5 gxf5 57. Kf3 Kd4 58. Kf4 Kxc4 59. Kg5 b5 60.
Kxh5 b4 61. axb4 cxb4 62. Kg6) 56. Kf2 $6 {[%eval -603,0] Inaccuracy. Kd2 was
best.} (56. Kd2 Kd7) 56... Kd6 {[%eval -677,0]} 57. Ke2 {[%eval -647,0]} Kc6 {
[%eval -667,0]} 58. Kd3 {[%eval -623,0]} b5 {[%eval -618,0]} 59. Kc3 {[%eval
-793,0]} Kb6 {[%eval -795,0]} 60. cxb5 {[%eval -793,0]} Kxb5 {[%eval -795,0]}
61. Kd3 {[%eval -609,0]} Kb6 {[%eval -616,0]} 62. Kc3 {[%eval -794,0]} Kc7 {
[%eval -609,0]} 63. Kd3 {[%eval -784,0]} Kd6 {[%eval -785,0]} 64. Kc4 {[%eval
-762,0]} Kc6 {[%eval -608,0]} 65. Kd3 {[%eval -609,0]} Kb5 {[%eval -626,0]} 66.
Kc3 {[%eval -691,0]} g5 $4 {[%eval 0,0] Blunder. Kb6 was best.} (66... Kb6 67.
Kd3 Kc7 68. Kc3 Kd6 69. Kc4 Ke5 70. Kd3 c4+ 71. Kxc4 Kxe4 72. Kb4 Kf3 73. Kxa4)
67. e5 {[%eval 0,0]} gxh4 {[%eval 0,0]} 68. exf6 {[%eval 0,0]} hxg3 {[%eval 0,
0]} 69. f7 {[%eval 0,0]} g2 {[%eval 0,0]} 70. f8=Q {[%eval 0,0]} g1=Q {[%eval
0,0]} 71. Qe8+ {[%eval 0,0]} Kb6 {[%eval 0,0]} 72. Qd8+ {[%eval 0,0]} Kc6 {
[%eval 0,0]} 73. Qe8+ {[%eval 0,0]} Kd6 {[%eval 0,0]} 74. Qd8+ {[%eval 0,0]}
Ke6 {[%eval 0,0]} 75. Qe8+ {[%eval 0,0]} Kf6 {[%eval 0,0]} 76. Qf8+ {[%eval 0,
0]} Ke5 {[%eval 0,0]} 77. Qe7+ {[%eval 0,0]} Kf4 {[%eval 0,0]} 78. Qf6+ {
[%eval 0,0]} Ke4 {[%eval 0,0]} 79. Qe6+ {[%eval 0,0]} Kf3 {[%eval 0,0]} 80.
Qf5+ {[%eval 0,0]} Kg2 {[%eval 0,0]} 81. Qg6+ {[%eval 0,0]} Kf1 {[%eval 0,0]}
82. Qd3+ {[%eval 0,0]} Kg2 {[%eval 0,0]} 83. Qg6+ {[%eval 0,0]} Kf2 {[%eval 0,
0]} 84. Qf5+ {[%eval 0,0]} Ke1 {[%eval 0,0]} 85. Qb1+ {[%eval 0,0]} Kf2 {
[%eval 0,0]} 86. Qf5+ {[%eval 0,0]} 1/2-1/2

[Event "Kvika Reykjavik Open 2022"]
[Site "Reykjavik, Iceland"]
[Date "2022.04.07"]
[Round "3.43"]
[White "Cherniack, Alex"]
[Black "Carlsson, Gustav"]
[Result "1-0"]
[WhiteElo "2213"]
[BlackElo "2008"]
[PlyCount "89"]
[EventDate "2022.??.??"]

1. e4 {[%eval 33,0]} e6 {[%eval 13,0]} 2. d4 {[%eval 24,0]} d5 {[%eval 25,0]}
3. e5 {[%eval 0,0]} c5 {[%eval 21,0]} 4. c3 {[%eval 33,0]} Nc6 {[%eval 0,0]} 5.
Nf3 {[%eval 0,0]} Qb6 {[%eval 29,0]} 6. a3 {[%eval 27,0]} c4 {[%eval 23,0]} 7.
Nbd2 {[%eval 24,0]} Na5 {[%eval 0,0]} 8. Be2 {[%eval 44,0]} Bd7 {[%eval 38,0]}
9. O-O {[%eval 26,0]} g6 {[%eval 36,0]} 10. Re1 {[%eval 34,0]} Bg7 $6 {[%eval
99,0] Inaccuracy. h6 was best.} (10... h6) 11. Rb1 {[%eval 95,0]} Rc8 {[%eval
148,0]} 12. h4 {[%eval 163,0]} h5 {[%eval 151,0]} 13. Nf1 {[%eval 111,0]} Qb3 {
[%eval 125,0]} 14. Bg5 {[%eval 121,0]} Ba4 $6 {[%eval 179,0] Inaccuracy. Qxd1
was best.} (14... Qxd1 15. Bxd1 Bh6 16. Ne3 Bxg5 17. Nxg5 Nb3 18. g3 Nh6 19.
Bc2 a5 20. Ng2 Nf5 21. Kh2) 15. Qd2 {[%eval 171,0]} Qb5 {[%eval 214,0]} 16. b4
{[%eval 239,0]} Nb3 $6 {[%eval 376,0] Inaccuracy. Nc6 was best.} (16... Nc6 17.
g3) 17. Qf4 {[%eval 354,0]} Qa6 {[%eval 394,0]} 18. Rb2 {[%eval 397,0]} Bb5 {
[%eval 308,0]} 19. Ra2 {[%eval 413,0]} Qc6 {[%eval 373,0]} 20. N3h2 {[%eval
371,0]} Bh6 {[%eval 342,0]} 21. g4 $6 {[%eval 232,0] Inaccuracy. Nf3 was best.}
(21. Nf3 Ba4) 21... Bxg5 {[%eval 239,0]} 22. Qxg5 $2 {[%eval 106,0] Mistake.
hxg5 was best.} (22. hxg5) 22... hxg4 {[%eval 146,0]} 23. Nxg4 {[%eval 104,0]}
Rh5 $6 {[%eval 234,0] Inaccuracy. Kd7 was best.} (23... Kd7 24. Nf6+ Kc7 25.
Nh2 Ne7 26. Bg4 Ba4 27. Kg2 Kb8 28. Nf3 Ng8 29. Rh1 Qc7 30. Re2) 24. Qf4 {
[%eval 206,0]} Qc7 {[%eval 239,0]} 25. Nge3 $6 {[%eval 104,0] Inaccuracy. a4
was best.} (25. a4 Bc6) 25... Rh7 $6 {[%eval 211,0] Inaccuracy. Rh8 was best.}
(25... Rh8 26. a4 Bd7 27. Nh2 Qd8 28. Nf3 Nh6 29. Kg2 Qe7 30. Rh1 Kd8 31. Qf6
Qxf6 32. exf6) 26. Ng2 $2 {[%eval 94,0] Mistake. a4 was best.} (26. a4 Bc6 27.
b5 Bd7 28. Nh2 Qa5 29. Rc2 Qxa4 30. Nf3 Bxb5 31. Ng5 Rg7 32. Nxd5 exd5) 26...
Qe7 $6 {[%eval 167,0] Inaccuracy. Ba4 was best.} (26... Ba4 27. Nfe3 Kd7 28.
Ng4 Rf8 29. Bd1 Kc8 30. Rae2 Ne7 31. Re3 Rhh8 32. Rg3 Kb8 33. Rf3) 27. Ng3 $6 {
[%eval 71,0] Inaccuracy. a4 was best.} (27. a4) 27... a5 {[%eval 57,0]} 28. a4
{[%eval 94,0]} Bd7 {[%eval 89,0]} 29. b5 {[%eval 94,0]} Kd8 {[%eval 6,0]} 30.
Bd1 {[%eval 52,0]} Kc7 {[%eval 6,0]} 31. Bc2 {[%eval 72,0]} Kb6 {[%eval 58,0]}
32. Rb1 {[%eval 33,0]} Rf8 $6 {[%eval 128,0] Inaccuracy. Ka7 was best.} (32...
Ka7) 33. Bxb3 {[%eval 122,0]} cxb3 {[%eval 95,0]} 34. Rxb3 {[%eval 133,0]} f6
$2 {[%eval 316,0] Mistake. Rc8 was best.} (34... Rc8 35. Qc1 Ka7 36. c4 Rxc4
37. Rc2 Rxc2 38. Qxc2 Kb8 39. Rc3 Qd8 40. Qb2 Ne7 41. Rf3) 35. Qe3 $4 {[%eval
103,0] Blunder. c4 was best.} (35. c4) 35... f5 $4 {[%eval 394,0] Blunder.
fxe5 was best.} (35... fxe5) 36. c4 {[%eval 305,0]} dxc4 {[%eval 405,0]} 37.
Rc3 $6 {[%eval 312,0] Inaccuracy. Rc2 was best.} (37. Rc2) 37... Nh6 $2 {
[%eval 628,0] Mistake. Rc8 was best.} (37... Rc8 38. Rac2 Qb4 39. d5+ Qc5 40.
Rxc4 Qxe3 41. Nxe3 Rxc4 42. Nxc4+ Ka7 43. d6 Rxh4 44. Ne2) 38. Rxc4 {[%eval
579,0]} Ng4 $6 {[%eval 845,0] Inaccuracy. f4 was best.} (38... f4 39. Nxf4 Ng4
40. Qc1 Qxh4 41. Qa3 Qe7 42. Qxe7 Rxe7 43. Nxg6 Rxf2 44. Rxf2 Rg7 45. Nf8) 39.
Qd2 {[%eval 632,0]} f4 $6 {[%eval 1371,0] Inaccuracy. Rc8 was best.} (39... Rc8
40. Rxc8) 40. d5 {[%eval 1455,0]} Ka7 $6 {[%eval 32754,0] Checkmate is now
unavoidable. Qc5 was best.} (40... Qc5 41. Rxc5) 41. Qxa5+ {[%eval 32756,0]}
Kb8 {[%eval 32756,0]} 42. b6 {[%eval 32758,0]} Bc6 {[%eval 32758,0]} 43. Qa7+ {
[%eval 32760,0]} Kc8 {[%eval 32760,0]} 44. Qa8+ {[%eval 32762,0]} Kd7 {[%eval
32762,0]} 45. dxc6+ {[%eval 32764,0]} 1-0